000
00275nam a22001217a 4500
008
171201b xxu||||| |||| 00| 0 eng d
041
_a
eng
080
_a
32
100
_a
16
101
_a
SHP
245
_a
ANTICIPATIONS OF THE GENERAL THEORY
_c
PATINKIN, D
942
_2
udc
_c
BK
999
_c
38703
_d
38703